Les doctrines medicales (Record no. 34647)

MARC details
000 -LEADER
campo de control de longitud fija 00429nam a2200157 i 4500
001 - NÚMERO DE CONTROL
campo de control 34647
003 - IDENTIFICADOR DE NÚMERO DE CONTROL
campo de control ES-MaACL
005 - FECHA Y HORA DE LA ÚLTIMA TRANSACCIÓN
campo de control 20230906154954.0
007 - CAMPO FIJO DE DESCRIPCIÓN FÍSICA--INFORMACIÓN GENERAL
campo de control de longitud fija t|
008 - DATOS DE LONGITUD FIJA--INFORMACIÓN GENERAL
campo de control de longitud fija 030207q19001999fr ||||1| fre d
100 1# - ENTRADA PRINCIPAL--NOMBRE DE PERSONA
Nombre de persona Boinet, E.
9 (RLIN) 29852
245 14 - MENCIÓN DEL TÍTULO
Título Les doctrines medicales
Resto del título : leur evolution /
Mención de responsabilidad, etc. E. Boinet.
260 ## - PUBLICACIÓN, DISTRIBUCIÓN, ETC.
Lugar de publicación, distribución, etc. París :
Nombre del editor, distribuidor, etc. Flammarion,
Fecha de publicación, distribución, etc. [19--?] (
Fabricante Hemmerlé)
300 ## - DESCRIPCIÓN FÍSICA
Extensión 329 p. ;
Dimensiones 19 cm.
852 ## - LOCALIZACIÓN
Ubicación ES-MaACL
Número de control de estantería F-6151
Holdings
Estatus retirado Estado de pérdida Estado de daño No para préstamo Colección Biblioteca de origen Biblioteca actual Ubicación en estantería Fecha de adquisición Fuente de adquisición Total de préstamos Signatura topográfica completa Código de barras Visto por última vez Precio de reemplazo Tipo de ítem Koha
        Libros del s. XIX Biblioteca del Ateneo de Madrid Biblioteca del Ateneo de Madrid Depósito 2 17/01/2008     F-6151 1036141 23/02/2023 23/02/2023 Libro impreso antiguo